|
|
|
|
| LEADER |
01502nam a2200361 a 4500 |
| 001 |
000773472 |
| 003 |
CZ BrMZK |
| 005 |
20190509141935.0 |
| 007 |
ta |
| 008 |
950407s1957 xr g 000 f cze d |
| 015 |
|
|
|a cnb000681182
|
| 040 |
|
|
|a BOA001
|b cze
|
| 072 |
|
7 |
|a 821.162.3-3
|x Česká próza
|2 Konspekt
|9 25
|
| 080 |
|
|
|a 821.162.3-31
|2 MRF
|
| 080 |
|
|
|a 94(100)"1914/1918"
|2 MRF
|
| 080 |
|
|
|a (0:82-311.1)
|2 MRF
|
| 100 |
1 |
|
|a Olbracht, Ivan,
|d 1882-1952
|7 jk01091013
|4 aut
|
| 245 |
1 |
0 |
|a Podivné přátelství herce Jesenia /
|c Ivan Olbracht
|
| 250 |
|
|
|a Vyd. 7., V Československém spisovateli 2.
|
| 260 |
|
|
|a Praha :
|b Československý spisovatel,
|c 1957
|
| 300 |
|
|
|a 279 s. ;
|c 21 cm
|
| 490 |
1 |
|
|a Spisy Ivana Olbrachta ;
|v sv. 3
|
| 500 |
|
|
|a Dostupné též v digitální podobě v aplikaci Kramerius
|
| 650 |
0 |
7 |
|a první světová válka (1914-1918)
|7 ph126327
|2 czenas
|
| 655 |
|
7 |
|a české romány
|7 fd133974
|2 czenas
|
| 655 |
|
7 |
|a psychologické romány
|7 fd278579
|2 czenas
|
| 800 |
1 |
|
|a Olbracht, Ivan,
|d 1882-1952.
|t Spisy (Československý spisovatel)
|0 s
|
| 856 |
4 |
1 |
|u http://www.digitalniknihovna.cz/mzk/uuid/uuid:b2c44160-c261-11e4-b2e2-005056827e52
|y Digitalizovaný dokument
|x NDK
|
| 910 |
|
|
|a BOA001
|b PK-0004.833-57
|b 2-0307.143-57
|
| 990 |
|
|
|a BK
|
| 991 |
|
|
|f B-OLB
|
| 996 |
6 |
|
|b 2618826814
|c 2-0307.143-57
|l MZK
|r Sklad / do 24 hodin
|n 0
|w 000773472
|u 000020
|a 1
|e BOA001
|j MZK50
|s P
|
| 996 |
7 |
|
|b 3119658312
|c PK-0004.833-57
|l MZK
|r Sklad / do 1 hodiny
|n 7
|w 000773472
|u 000010
|a 1
|e BOA001
|j MZK50
|s A
|